000 00553nam a2200205Ia 4500
003 OSt
005 20240808154210.0
008 210210b1987 xxu||||| |||| 00| 0 eng d
040 _aAL
_c
041 _akannada
082 _a332.1K SHAB
100 _aSHARANAPPA.
_937420
_dಶರಣಪ್ಪ
245 _aBanking Theory
_bಬ್ಯಾಂಕಿಂಗ್ ಥಿಯರಿ
260 _aTipaturu
_bNarendra Prakashana
_c1987
300 _a242
650 _aByanking siddantha
_937421
690 _aBanking
_937422
906 _a040129
942 _2ddc
_cBK
999 _c90291
_d90291